[Event "Bad Woerishofen Seniors op 32nd"]
[Site "Bad Woerishofen"]
[Date "2016.03.05"]
[Round "9"]
[White "Gailis, Gunnar"]
[Black "Reimann, Guenther"]
[Result "1/2-1/2"]
[WhiteElo "1753"]
[BlackElo "1941"]
[PlyCount "64"]
[EventDate "2016.02.26"]
[EventType "swiss"]
[EventRounds "9"]
[EventCountry "GER"]
[SourceTitle "EXT 2019"]
[Source "ChessBase"]
[SourceDate "2018.10.10"]
[SourceVersion "1"]
[SourceVersionDate "2018.10.10"]
[SourceQuality "1"]

1. d4 e6 2. c4 f5 3. g3 Nf6 4. Bg2 c6 5. Nf3 Be7 6. Nc3 d6 7. 0-0 0-0 8. Re1 d5 9. cxd5 exd5 10. Qb3 Kh8 11. a3 Qe8 12. Ne5 Qh5 13. Bf3 Qe8 14. Bg2 Nbd7 15. Nxd7 Qxd7 16. Bg5 Ng4 17. Bxe7 Qxe7 18. h3 Nf6 19. Rac1 Rb8 20. e3 Bd7 21. Na2 Qf7 22. Nb4 Qh5 23. Qd1 Qh6 24. h4 Rbe8 25. Nd3 Bc8 26. Ne5 Ng4 27. f4 Nxe5 28. dxe5 Qg6 29. Kf2 Re6 30. Bf3 Qf7 31. Qd4 a6 32. b4 Qe7 1/2-1/2

[Event "GER-chB Seniors 27th"]
[Site "Magdeburg"]
[Date "2015.08.23"]
[Round "9"]
[White "Gailis, Gunnar"]
[Black "Moews, Harald"]
[Result "1/2-1/2"]
[WhiteElo "1702"]
[BlackElo "1830"]
[PlyCount "143"]
[EventDate "2015.08.15"]
[EventType "swiss"]
[EventRounds "9"]
[EventCountry "GER"]
[SourceTitle "EXT 2018"]
[Source "ChessBase"]
[SourceDate "2017.10.13"]
[SourceVersion "1"]
[SourceVersionDate "2017.10.13"]
[SourceQuality "1"]

1. d4 d5 2. Nf3 e6 3. c4 c6 4. Nc3 f5 5. cxd5 cxd5 6. e3 a6 7. Bd3 Be7 8. Bd2 Nc6 9. Rc1 Nf6 10. 0-0 0-0 11. a3 Bd7 12. Qb3 b5 13. Rc2 Na5 14. Qa2 Nc4 15. Nb1 a5 16. b3 Nxd2 17. Nbxd2 b4 18. a4 Bd6 19. Rfc1 Rc8 20. Rxc8 Bxc8 21. Bb5 Bd7 22. Bxd7 Qxd7 23. Qc2 h6 24. Qc6 Qxc6 25. Rxc6 Rd8 26. h3 Kf7 27. Kf1 Ke7 28. Ke1 Ra8 29. Kd1 g5 30. Ne1 Kd7 31. Rc2 h5 32. Nd3 Rc8 33. Rxc8 Kxc8 34. f3 g4 35. hxg4 fxg4 36. fxg4 hxg4 37. Ke2 Kd7 38. Kf1 Ke7 39. Ke2 Nh5 40. Kf2 Kf6 41. Ke2 Ng3+ 42. Ke1 Ke7 43. Kd1 Nf5 44. Ke2 Kf7 45. Nf2 Nh6 46. Nd3 Kf6 47. Kf1 Kf5 48. Ke2 Nf7 49. Kf1 e5 50. dxe5 Bxe5 51. Ke2 Bc3 52. Nf1 Nd6 53. Ng3+ Ke6 54. Nf4+ Ke5 55. Nd3+ Kf6 56. Nc5 Kg5 57. Kf2 Be5 58. Ne2 Kf5 59. Nd7 Ke4 60. Nc5+ Kf5 61. Nd7 Ne4+ 62. Ke1 Bc3+ 63. Kd1 Ke6 64. Nb6 Nc5 65. Nf4+ Ke5 66. Nfxd5 Ke4 67. Nxc3+ bxc3 68. Nc4 Nxb3 69. Kc2 Nc5 70. Kxc3 Nxa4+ 71. Kd2 Nc5 72. Nxa5 1/2-1/2

[Event "GER-chB Seniors 27th"]
[Site "Magdeburg"]
[Date "2015.08.22"]
[Round "8"]
[White "Goldinger, Josef"]
[Black "Gailis, Gunnar"]
[Result "1/2-1/2"]
[WhiteElo "1849"]
[BlackElo "1702"]
[PlyCount "70"]
[EventDate "2015.08.15"]
[EventType "swiss"]
[EventRounds "9"]
[EventCountry "GER"]
[SourceTitle "EXT 2018"]
[Source "ChessBase"]
[SourceDate "2017.10.13"]
[SourceVersion "1"]
[SourceVersionDate "2017.10.13"]
[SourceQuality "1"]

1. e4 c6 2. d4 d5 3. exd5 cxd5 4. Nc3 Nf6 5. Bg5 e6 6. Nf3 Be7 7. Bb5+ Bd7 8. Bxd7+ Nbxd7 9. 0-0 h6 10. Bh4 0-0 11. Ne5 a6 12. f4 Nxe5 13. fxe5 Nd7 14. Bxe7 Qxe7 15. Rf3 Qb4 16. Ne2 Qb6 17. b3 Nxe5 18. Rg3 Ng6 19. Kh1 Rac8 20. c3 Qd6 21. Qd2 Kh7 22. Rf1 f5 23. Rd3 b5 24. g3 Rf6 25. Rdf3 Rcf8 26. h4 Nh8 27. Kg2 Qe7 28. Re1 Nf7 29. Nf4 Qd7 30. Qe3 Re8 31. Nh5 Rg6 32. Rxf5 Nd6 33. Rf3 Nf5 34. Qf4 Qe7 35. Kh3 Nd6 1/2-1/2

[Event "GER-chB Seniors 27th"]
[Site "Magdeburg"]
[Date "2015.08.21"]
[Round "7"]
[White "Gailis, Gunnar"]
[Black "Mueller, Erhard"]
[Result "1/2-1/2"]
[WhiteElo "1702"]
[BlackElo "1909"]
[PlyCount "43"]
[EventDate "2015.08.15"]
[EventType "swiss"]
[EventRounds "9"]
[EventCountry "GER"]
[SourceTitle "EXT 2018"]
[Source "ChessBase"]
[SourceDate "2017.10.13"]
[SourceVersion "1"]
[SourceVersionDate "2017.10.13"]
[SourceQuality "1"]

1. d4 d5 2. Nf3 e6 3. e3 c5 4. c3 Nc6 5. Bb5 Bd7 6. 0-0 Nf6 7. Bxc6 Bxc6 8. b3 Bd6 9. Bb2 Qc7 10. h3 0-0 11. Nbd2 Rfe8 12. dxc5 Bxc5 13. Rc1 Rad8 14. Qc2 Be7 15. c4 Nd7 16. cxd5 exd5 17. Nd4 Rc8 18. Nxc6 Qxc6 19. Qxc6 Rxc6 20. Rxc6 bxc6 21. Rd1 Bf6 22. Bxf6 1/2-1/2

[Event "GER-chB Seniors 27th"]
[Site "Magdeburg"]
[Date "2015.08.20"]
[Round "6"]
[White "Gailis, Gunnar"]
[Black "Roggenbach, Ottomar"]
[Result "1-0"]
[WhiteElo "1702"]
[BlackElo "1824"]
[PlyCount "77"]
[EventDate "2015.08.15"]
[EventType "swiss"]
[EventRounds "9"]
[EventCountry "GER"]
[SourceTitle "EXT 2018"]
[Source "ChessBase"]
[SourceDate "2017.10.13"]
[SourceVersion "1"]
[SourceVersionDate "2017.10.13"]
[SourceQuality "1"]

1. d4 Nf6 2. g3 d5 3. Bg2 e6 4. Nf3 c5 5. e3 Nc6 6. 0-0 Be7 7. b3 cxd4 8. exd4 0-0 9. Bb2 b6 10. Nbd2 Bb7 11. Re1 Rc8 12. c4 Rc7 13. a3 Qc8 14. Rc1 Na5 15. c5 bxc5 16. dxc5 Nc6 17. b4 Nb8 18. Be5 Rc6 19. Bf1 Qd8 20. Nd4 Rc8 21. N4f3 a5 22. Bc3 axb4 23. axb4 Nfd7 24. Ne5 Nxe5 25. Bxe5 Nc6 26. Qb3 Nxe5 27. Rxe5 Bf6 28. Ree1 d4 29. Bd3 Qd5 30. Qxd5 Bxd5 31. b5 Bd8 32. c6 Ba5 33. Red1 Bb6 34. Nc4 Bd8 35. Nd6 Rc7 36. Be4 Be7 37. Bxd5 exd5 38. Nb7 Rfc8 39. Na5 1-0

[Event "GER-chB Seniors 27th"]
[Site "Magdeburg"]
[Date "2015.08.17"]
[Round "3"]
[White "Micheel, Peter"]
[Black "Gailis, Gunnar"]
[Result "1/2-1/2"]
[WhiteElo "1906"]
[BlackElo "1702"]
[PlyCount "65"]
[EventDate "2015.08.15"]
[EventType "swiss"]
[EventRounds "9"]
[EventCountry "GER"]
[SourceTitle "EXT 2018"]
[Source "ChessBase"]
[SourceDate "2017.10.13"]
[SourceVersion "1"]
[SourceVersionDate "2017.10.13"]
[SourceQuality "1"]

1. e4 c6 2. d4 d5 3. Nc3 e6 4. Nf3 Nf6 5. Bg5 Be7 6. e5 Nfd7 7. Bxe7 Qxe7 8. Bd3 a6 9. 0-0 c5 10. Re1 Nc6 11. dxc5 Qxc5 12. Na4 Qa5 13. b3 b5 14. Nb2 Qc3 15. Qc1 Ndxe5 16. Nxe5 Nxe5 17. Re3 Nxd3 18. Rxd3 Qf6 19. Rf3 Qe7 20. Nd3 Bb7 21. Rg3 g6 22. Qh6 Qf8 23. Qe3 Qg7 24. Rc1 0-0 25. Nc5 d4 26. Qd2 Bd5 27. h4 h5 28. c3 dxc3 29. Rgxc3 Rfd8 30. Qe3 b4 31. R3c2 a5 32. Na4 Kh7 33. Rc7 1/2-1/2

[Event "GER Seniors Derby 14th"]
[Site "Wesel Undeloh"]
[Date "2015.04.15"]
[Round "1"]
[White "Doehring, Joachim"]
[Black "Gailis, Gunnar"]
[Result "1-0"]
[WhiteElo "1994"]
[BlackElo "1613"]
[PlyCount "49"]
[EventDate "2015.04.15"]
[EventType "swiss"]
[EventRounds "9"]
[EventCountry "GER"]
[SourceTitle "EXT 2018"]
[Source "ChessBase"]
[SourceDate "2017.10.13"]
[SourceVersion "1"]
[SourceVersionDate "2017.10.13"]
[SourceQuality "1"]

1. e4 e6 2. Qe2 d5 3. exd5 Qxd5 4. c4 Qd8 5. d3 Nf6 6. Nf3 Nc6 7. Nc3 Be7 8. g3 0-0 9. Bg2 Re8 10. 0-0 a6 11. Bf4 Bd6 12. Bg5 h6 13. Bxf6 Qxf6 14. Ne4 Qd8 15. d4 Be7 16. Rad1 Bf6 17. Nxf6+ Qxf6 18. d5 Ne7 19. Rfe1 exd5 20. cxd5 Bg4 21. h3 Bd7 22. Ne5 Ng6 23. Nxd7 Rxe2 24. Nxf6+ gxf6 25. Rxe2 1-0

[Event "Duesseldorf-ch"]
[Site "Duesseldorf"]
[Date "2005.11.04"]
[Round "7.6"]
[White "Gailis, Gunnar"]
[Black "Mersch, Heinrich"]
[Result "1-0"]
[WhiteElo "1741"]
[BlackElo "1671"]
[PlyCount "149"]
[EventDate "2005.09.02"]
[EventType "swiss"]
[EventRounds "9"]
[EventCountry "GER"]
[SourceTitle "EXT 2006"]
[Source "ChessBase"]
[SourceDate "2005.11.24"]
[SourceVersion "1"]
[SourceVersionDate "2005.11.24"]
[SourceQuality "1"]

1. d4 d5 2. Nf3 e6 3. e3 g6 4. Bd3 Bg7 5. 0-0 Nf6 6. Nbd2 b6 7. e4 dxe4 8. Nxe4 0-0 9. Nxf6+ Bxf6 10. Be4 c6 11. Bf4 Bb7 12. c3 Qc8 13. Be5 Bg7 14. Bxg7 Kxg7 15. Re1 Nd7 16. Qc1 Rb8 17. h3 h6 18. Qe3 Qc7 19. Bd3 Rbd8 20. Rad1 Rfe8 21. Ne5 Nxe5 22. Qxe5+ Qxe5 23. Rxe5 a6 24. Ree1 Rd6 25. Be4 Red8 26. Bf3 a5 27. Kf1 a4 28. b3 a3 29. Be2 c5 30. dxc5 bxc5 31. Rxd6 Rxd6 32. Rd1 Rxd1+ 33. Bxd1 Kf6 34. f3 Ke5 35. Kf2 g5 36. Be2 f5 37. g3 Kd6 38. Bd3 h5 39. g4 hxg4 40. hxg4 Ke5 41. gxf5 exf5 42. Kg3 Bc8 43. Bc2 Be6 44. Bb1 f4+ 45. Kg2 g4 46. fxg4 Bxg4 47. Kf2 Be6 48. Kf3 Bd5+ 49. Kf2 Kd6 50. Bc2 Bc6 51. Bb1 Ke5 52. Bc2 Be4 53. Bxe4 Kxe4 54. Ke2 f3+ 55. Kf2 Kd3 56. c4 Ke4 57. Ke1 Kd4 58. Kf2 Kc3 59. Kxf3 Kb2 60. b4 Kxa2 61. bxc5 Kb2 62. c6 a2 63. c7 a1Q 64. c8Q Qf1+ 65. Ke4 Qe2+ 66. Kd4 Qd2+ 67. Kc5 Qa5+ 68. Kd6 Qd2+ 69. Kc7 Qa5+ 70. Kb8 Kc3 71. c5 Kc4 72. c6 Qe5+ 73. c7 Kc5 74. Qb7 Qf4 75. Ka8 1-0

[Event "Duesseldorf-ch"]
[Site "Duesseldorf"]
[Date "2005.09.30"]
[Round "4.11"]
[White "Alicke, Manfred"]
[Black "Gailis, Gunnar"]
[Result "0-1"]
[WhiteElo "1518"]
[BlackElo "1671"]
[PlyCount "101"]
[EventDate "2005.09.02"]
[EventType "swiss"]
[EventRounds "9"]
[EventCountry "GER"]
[SourceTitle "EXT 2006"]
[Source "ChessBase"]
[SourceDate "2005.11.24"]
[SourceVersion "1"]
[SourceVersionDate "2005.11.24"]
[SourceQuality "1"]

1. d4 c5 2. d5 Nf6 3. Bg5 Qb6 4. b3 Ne4 5. Be3 Qb4+ 6. c3 Nxc3 7. Qd2 Nxd5 8. Qxb4 Nxb4 9. Na3 d6 10. Bd2 N8a6 11. e4 Bd7 12. f3 g6 13. Bc3 Rg8 14. Kd1 Bg7 15. Bxg7 Rxg7 16. Bc4 Nc7 17. Kd2 e6 18. Nb1 d5 19. Be2 dxe4 20. fxe4 Bc6 21. Nc3 Rd8+ 22. Kc1 Rd4 23. a3 Nba6 24. Nf3 Rd6 25. Ne5 f6 26. Nxc6 Rxc6 27. Nb5 Rb6 28. a4 Nxb5 29. axb5 Nc7 30. Rxa7 Nxb5 31. Ra8+ Ke7 32. Rc8 Rc6 33. Ra8 Nd6 34. Bf3 e5 35. h3 Rc8 36. Ra7 Ke6 37. g4 Rgc7 38. Kb2 Nb5 39. Ra5 Nd4 40. Bg2 c4 41. Bf1 cxb3 42. Rh2 Rc2+ 43. Rxc2 Rxc2+ 44. Kb1 Nf3 45. Rd5 Nd2+ 46. Rxd2 Rxd2 47. Bc4+ Ke7 48. Bxb3 Rd3 49. Bd5 Rxd5 50. exd5 Kd6 51. Kc2 0-1

[Event "Duesseldorf Bezirk-ch"]
[Site "Duesseldorf "]
[Date "2002.??.??"]
[Round "9"]
[White "Gailis, Gunnar"]
[Black "Korneli, Hans"]
[Result "1/2-1/2"]
[WhiteElo "1714"]
[BlackElo "1598"]
[PlyCount "41"]
[EventDate "2002.??.??"]
[EventType "swiss"]
[EventRounds "9"]
[EventCountry "GER"]
[SourceTitle "EXT 2004"]
[Source "ChessBase"]
[SourceDate "2003.11.25"]
[SourceVersion "1"]
[SourceVersionDate "2003.11.25"]
[SourceQuality "1"]

1. e4 d6 2. d4 Nf6 3. Nc3 g6 4. Nf3 Bg7 5. h3 b6 6. Be3 Bb7 7. Bd3 Nbd7 8. Qd2 e5 9. d5 0-0 10. 0-0 Re8 11. Bg5 Qc8 12. Rfe1 Ba6 13. Qe2 Bxd3 14. Qxd3 Nc5 15. Qd2 a5 16. a4 Qd7 17. b3 c6 18. Bxf6 Bxf6 19. Rad1 Nb7 20. Qe3 c5 21. Qd3 1/2-1/2